[Event "San Sebastian op 39th"]
[Site "San Sebastian"]
[Date "2016.03.23"]
[Round "6"]
[White "Fernandez de Bobadilla, Jaime"]
[Black "Huerga Leache, Mikel"]
[Result "0-1"]
[WhiteElo "2070"]
[BlackElo "2450"]
[PlyCount "60"]
[EventDate "2016.03.19"]
[EventType "swiss"]
[EventRounds "9"]
[EventCountry "ESP"]
[SourceTitle "CBM 171 Extra"]
[Source "ChessBase"]
[SourceDate "2016.04.26"]
[SourceVersion "1"]
[SourceVersionDate "2016.04.26"]
[SourceQuality "1"]

1. e4 c5 2. Nf3 Nc6 3. Bb5 g6 4. Bxc6 bxc6 5. 0-0 Bg7 6. Re1 e5 7. c4 Ne7 8. d3 0-0 9. Nc3 d6 10. Bd2 f5 11. h3 h6 12. a3 a5 13. Na4 g5 14. b4 axb4 15. axb4 cxb4 16. Bxb4 c5 17. Bd2 Ng6 18. Rb1 Ra6 19. Rb8 Qc7 20. Qb3 fxe4 21. dxe4 Rxa4 22. Rxc8 Qxc8 23. Qxa4 Rxf3 24. gxf3 Qxh3 25. Qe8+ Kh7 26. Bxg5 hxg5 27. Qf7 Nh4 28. Qh5+ Kg8 29. Qe8+ Bf8 30. Qe6+ Qxe6 0-1

[Event "Granada Nazari IM 2nd"]
[Site "Granada"]
[Date "2015.03.30"]
[Round "8"]
[White "Kollars, Dmitrij"]
[Black "Fernandez de Bobadilla, Jaime"]
[Result "1-0"]
[WhiteElo "2424"]
[BlackElo "2106"]
[PlyCount "77"]
[EventDate "2015.03.26"]
[EventType "tourn"]
[EventRounds "9"]
[EventCountry "ESP"]
[EventCategory "2"]
[SourceTitle "CBM 165 Extra"]
[Source "ChessBase"]
[SourceDate "2015.04.21"]
[SourceVersion "1"]
[SourceVersionDate "2015.04.21"]
[SourceQuality "1"]

1. c4 Nf6 2. g3 d5 3. cxd5 Nxd5 4. Bg2 e5 5. Nc3 c6 6. Nf3 Nxc3 7. bxc3 Bd6 8. 0-0 0-0 9. d4 Qc7 10. Qd3 f5 11. dxe5 Bxe5 12. Ba3 Re8 13. e4 f4 14. Nxe5 Qxe5 15. Bd6 Qh5 16. Bxf4 Be6 17. Rfb1 Nd7 18. Qd6 Nc5 19. Be3 b6 20. Qxc6 Rac8 21. Qb5 Qf7 22. f3 Bxa2 23. Rb4 Be6 24. Rd1 Bd7 25. Qe2 Na4 26. Qd2 a5 27. Rd4 Bb5 28. Rc1 Qb3 29. Rd6 Rxc3 30. Rxc3 Nxc3 31. h4 a4 32. Kh2 a3 33. Bd4 Rc8 34. Qg5 Qf7 35. Bxc3 Rxc3 36. Rd8+ Be8 37. Qe5 Kf8 38. Qxc3 a2 39. Ra8 1-0

[Event "Granada Nazari IM 2nd"]
[Site "Granada"]
[Date "2015.03.27"]
[Round "2"]
[White "Fernandez de Bobadilla, Jaime"]
[Black "Fernandez Siles, Luis"]
[Result "0-1"]
[WhiteElo "2106"]
[BlackElo "2276"]
[PlyCount "72"]
[EventDate "2015.03.26"]
[EventType "tourn"]
[EventRounds "9"]
[EventCountry "ESP"]
[EventCategory "2"]
[SourceTitle "CBM 165 Extra"]
[Source "ChessBase"]
[SourceDate "2015.04.21"]
[SourceVersion "1"]
[SourceVersionDate "2015.04.21"]
[SourceQuality "1"]

1. e4 c5 2. Nf3 Nc6 3. d4 cxd4 4. Nxd4 g6 5. c4 Bg7 6. Be3 Nf6 7. Nc3 0-0 8. Be2 d6 9. 0-0 Bd7 10. Rc1 Nxd4 11. Bxd4 Bc6 12. Qd3 a5 13. Nd5 Nd7 14. Bxg7 Kxg7 15. Qd4+ Kg8 16. Rc3 e5 17. Qd2 Bxd5 18. Qxd5 Nc5 19. Bg4 Qe7 20. b3 Kh8 21. Rf3 Rad8 22. Re1 Qc7 23. h4 h5 24. Bxh5 gxh5 25. Rf5 Ne6 26. Rxh5+ Kg7 27. Rf5 Nd4 28. Rg5+ Kh6 29. f4 f6 30. Rg4 Kh7 31. Re3 Rg8 32. Rxg8 Rxg8 33. fxe5 dxe5 34. c5 b5 35. cxb6 Qc1+ 36. Kh2 Qxe3 0-1

[Event "EU-ch rapid"]
[Site "Warsaw"]
[Date "2013.12.14"]
[Round "4"]
[White "Druska, Juraj"]
[Black "Fernandez de Bobadilla, Jaime"]
[Result "1-0"]
[WhiteElo "2370"]
[BlackElo "2210"]
[PlyCount "117"]
[EventDate "2013.12.14"]
[EventType "swiss (rapid)"]
[EventRounds "11"]
[EventCountry "POL"]
[SourceTitle "CBM 157 Extra"]
[Source "ChessBase"]
[SourceDate "2013.12.19"]
[SourceVersion "1"]
[SourceVersionDate "2013.12.19"]
[SourceQuality "1"]

1. e4 e5 2. Nf3 Nc6 3. Bc4 Bc5 4. 0-0 Nf6 5. d4 Bxd4 6. Nxd4 Nxd4 7. f4 d6 8. fxe5 dxe5 9. Bg5 Be6 10. Na3 Qe7 11. Bxf6 gxf6 12. c3 Nc6 13. Kh1 Bd7 14. Qf3 0-0-0 15. Qxf6 Qc5 16. Rad1 Rhf8 17. Rd3 Bg4 18. Rxd8+ Rxd8 19. h3 Be6 20. Bxe6+ fxe6 21. Qxe6+ Kb8 22. Qh6 a6 23. Nc2 Qb5 24. Qc1 Qd3 25. Re1 Qg3 26. Ne3 Rg8 27. Qd2 Rd8 28. Qe2 Rf8 29. Nf5 Qf4 30. Rf1 Qg5 31. Rd1 h5 32. b4 Rd8 33. Rxd8+ Qxd8 34. Qxh5 Qd2 35. Qf3 Qxa2 36. h4 Qf7 37. h5 Ne7 38. Kh2 Ng8 39. h6 Qg6 40. Qh3 Nf6 41. Kh1 Ka7 42. Qh4 b6 43. g4 Nxg4 44. h7 Nf2+ 45. Qxf2 Qxh7+ 46. Kg2 Qg8+ 47. Kf3 Qc4 48. Qd2 Qf1+ 49. Ke3 Qh3+ 50. Ke2 Qg2+ 51. Kd3 Qf1+ 52. Kc2 Qc4 53. Qd5 Qe2+ 54. Kb3 Qe1 55. Qd3 Qa1 56. Ne7 a5 57. Nc6+ Kb7 58. bxa5 Kxc6 59. Qd5# 1-0

[Event "EU-ch blitz"]
[Site "Warsaw"]
[Date "2013.12.13"]
[Round "2.1"]
[White "Fernandez de Bobadilla, Jaime"]
[Black "Sargissian, Gabriel"]
[Result "0-1"]
[WhiteElo "2210"]
[BlackElo "2675"]
[PlyCount "144"]
[EventDate "2013.12.13"]
[EventType "swiss (blitz)"]
[EventRounds "11"]
[EventCountry "POL"]
[SourceTitle "CBM 157 Extra"]
[Source "ChessBase"]
[SourceDate "2013.12.19"]
[SourceVersion "1"]
[SourceVersionDate "2013.12.19"]
[SourceQuality "1"]

1. e4 e5 2. Nf3 Nc6 3. Bb5 a6 4. Ba4 Nf6 5. d3 Bc5 6. c3 0-0 7. h3 d6 8. Nbd2 Ne7 9. Nf1 Ng6 10. Be3 c6 11. Ng3 Bxe3 12. fxe3 d5 13. exd5 Nxd5 14. Qe2 Qb6 15. d4 exd4 16. Nxd4 Bd7 17. 0-0 Rae8 18. e4 Ndf4 19. Qf2 Nd3 20. Qf3 Nge5 21. Qh5 Qxb2 22. Bb3 Qxc3 23. Ndf5 Bxf5 24. Nxf5 g6 25. Nh6+ Kg7 26. Qh4 Qc5+ 27. Kh1 Qe7 28. Qxe7 Rxe7 29. Ng4 Nxg4 30. hxg4 Rxe4 31. Rad1 Nc5 32. Bc2 Re2 33. Bb1 Rfe8 34. Rc1 b6 35. Rcd1 a5 36. Rd6 R2e6 37. Rd2 Re2 38. Rd6 Re1 39. Rd1 Rxf1+ 40. Rxf1 a4 41. Kh2 Rd8 42. Rc1 Rd4 43. Kg3 Rd2 44. Rc2 Rxc2 45. Bxc2 b5 46. Kf4 b4 47. Ke3 b3 48. axb3 axb3 49. Bb1 Nd7 50. Kd4 c5+ 51. Kc4 Ne5+ 52. Kxb3 Nxg4 53. Kc3 Ne3 54. g3 Nf5 55. g4 Ne3 56. g5 Nd5+ 57. Kc4 Nf4 58. Kxc5 Ne6+ 59. Kd5 Nxg5 60. Kd4 Ne6+ 61. Ke3 f5 62. Kf3 Kf6 63. Ba2 g5 64. Kg3 h5 65. Kf3 h4 66. Kg2 g4 67. Kh2 Nf4 68. Bc4 Kg5 69. Bf1 g3+ 70. Kg1 h3 71. Bxh3 Nxh3+ 72. Kg2 Kg4 0-1

[Event "ESP-ch rapid"]
[Site "Linares"]
[Date "2013.08.26"]
[Round "1"]
[White "Dziuba, Marcin"]
[Black "Fernandez de Bobadilla, Jaime"]
[Result "1-0"]
[WhiteElo "2589"]
[BlackElo "2210"]
[PlyCount "71"]
[EventDate "2013.08.26"]
[EventType "swiss (rapid)"]
[EventRounds "9"]
[EventCountry "ESP"]
[SourceTitle "CBM 156 Extra"]
[Source "ChessBase"]
[SourceDate "2013.10.22"]
[SourceVersion "1"]
[SourceVersionDate "2013.10.22"]
[SourceQuality "1"]

1. d4 Nf6 2. c4 e6 3. g3 Bb4+ 4. Bd2 Qe7 5. Nf3 Bxd2+ 6. Qxd2 d6 7. Bg2 e5 8. Nc3 0-0 9. 0-0 Re8 10. dxe5 dxe5 11. Nd5 Nxd5 12. cxd5 Nd7 13. e4 a5 14. Rac1 Nc5 15. Nxe5 Nxe4 16. Bxe4 Qxe5 17. Rfe1 Bf5 18. Bxf5 Qxf5 19. Rxe8+ Rxe8 20. Rxc7 Qb1+ 21. Kg2 Qxa2 22. Rxb7 h5 23. Qg5 Qc4 24. Qxh5 Qe4+ 25. Qf3 Qxf3+ 26. Kxf3 Kf8 27. d6 Rd8 28. d7 Ke7 29. Ke4 Kd6 30. Rb5 a4 31. h4 g6 32. Rd5+ Ke6 33. Rd4 f5+ 34. Kf4 Kf6 35. f3 Kf7 36. Kg5 1-0